Sports Quiz

Random Sports or MLB Quiz

MLB All-Star Catchers (NL) Quiz Stats

 Plays Quiz Updated Jul 19, 2018

Challenge
Share
Tweet
Embed
Score 0/89 Timer 10:00
0 Plays Today
Year Name % Correct
2017Buster Posey
94.6%
1994Mike Piazza
94.3%
1995Mike Piazza
94.3%
1996Mike Piazza
94.3%
1997Mike Piazza
94.3%
1998Mike Piazza
94.3%
1999Mike Piazza
94.3%
2001Mike Piazza
94.3%
2002Mike Piazza
94.3%
2004Mike Piazza
94.3%
2005Mike Piazza
94.3%
2016Buster Posey
94.1%
2015Buster Posey
93.5%
1969Johnny Bench
92.9%
1970Johnny Bench
92.9%
1971Johnny Bench
92.9%
1972Johnny Bench
92.9%
1973Johnny Bench
92.9%
1974Johnny Bench
92.9%
1975Johnny Bench
92.9%
1976Johnny Bench
92.9%
1977Johnny Bench
92.9%
1980Johnny Bench
92.9%
2012Buster Posey
90.9%
2013Yadier Molina
90.6%
2009Yadier Molina
90.3%
2010Yadier Molina
88.1%
1981Gary Carter
79.9%
1982Gary Carter
79.9%
1983Gary Carter
79.9%
Year Name % Correct
1984Gary Carter
79.9%
1986Gary Carter
79.9%
1987Gary Carter
79.9%
1988Gary Carter
79.9%
2011Brian McCann
72.1%
2003Javy Lopez
66.3%
1950Roy Campanella
66.2%
1951Roy Campanella
66.2%
1952Roy Campanella
66.2%
1953Roy Campanella
66.2%
1954Roy Campanella
66.2%
1989Benito Santiago
57.9%
1991Benito Santiago
57.9%
1992Benito Santiago
57.9%
2000Jason Kendall
57.6%
2014Jonathan Lucroy
57%
2008Geovany Soto
56.6%
2007Russell Martin
56.6%
1993Darren Daulton
51.4%
2018Willson Contreras
46.8%
1964Joe Torre
45.5%
1965Joe Torre
45.5%
1966Joe Torre
45.5%
1967Joe Torre
45.5%
2006Paul Lo Duca
42.6%
1978Ted Simmons
37.2%
1979Bob Boone
31.2%
1990Mike Scioscia
31%
1934Gabby Hartnett
29.4%
1936Gabby Hartnett
29.4%
Year Name % Correct
1937Gabby Hartnett
29.4%
1985Terry Kennedy
25.8%
1938Ernie Lombardi
25.3%
1940Ernie Lombardi
25.3%
1939Ernie Lombardi
25.3%
1968Jerry Grote
20.8%
1955Del Crandall
20.4%
1958Del Crandall
20.4%
1959 (1)Del Crandall
20.4%
1959 (2)Del Crandall
20.4%
1960 (1)Del Crandall
20.4%
1960 (2)Del Crandall
20.4%
1962 (1)Del Crandall
20.4%
1962 (2)Del Crandall
20.4%
1942Walker Cooper
14.4%
1943Walker Cooper
14.4%
1944Walker Cooper
14.4%
1946Walker Cooper
14.4%
1947Walker Cooper
14.4%
1948Walker Cooper
14.4%
1935Jimmie Wilson
12.6%
1933Jimmie Wilson
12.6%
1961 (1)Smoky Burgess
11.9%
1961 (2)Smoky Burgess
11.9%
1956Ed Bailey
8.9%
1957Ed Bailey
8.9%
1963Ed Bailey
8.9%
1941Mickey Owen
8.5%
1949Andy Seminick
6.6%

You're not logged in!

Compare scores with friends on all Sporcle quizzes.
OR
Log In

You Might Also Like...

Show Comments

Extras

Top Quizzes Today


Score Distribution

Your Account Isn't Verified!

In order to create a playlist on Sporcle, you need to verify the email address you used during registration. Go to your Sporcle Settings to finish the process.

Report this User

Report this user for behavior that violates our Community Guidelines.

Details: